000
00295nam a2200133Ia 4500
005
20251222144829.0
008
251222s9999||||xx |||||||||||||| ||spa||
020
_a
968-445-077-X
082
_a
613.79/H49
100
_a
Hewitt, James
245
0
_a
Relajación:
264
_b
EDAF
942
_c
LIB
999
_c
20775
_d
20775